ბათუმის შოთა რუსთაველის სახელმწიფო უნივერსიტეტის ბიბლიოთეკა

Справочник по монтажу распределительных устроиств выше 1000 В на электростанциях и подстанциях. (ბიბ.ჩანაწერი № 47753)

000 -LEADER
fixed length control field 00935nam a2200217Ia 4500
001 - CONTROL NUMBER
control field 14624
003 - CONTROL NUMBER IDENTIFIER
control field GE_BSU
008 - FIXED-LENGTH DATA ELEMENTS--GENERAL INFORMATION
fixed length control field 181216s||||||||xx |||||||||||||| ||und||
040 ## - CATALOGING SOURCE
Transcribing agency GE_BSU
080 ## - UNIVERSAL DECIMAL CLASSIFICATION NUMBER
Universal Decimal Classification number 621.316.002(035)
100 ## - MAIN ENTRY--PERSONAL NAME
Personal name Рябцев,Ю.И. Тирановский,Г.Г.
245 ## - TITLE STATEMENT
Title Справочник по монтажу распределительных устроиств выше 1000 В на электростанциях и подстанциях.
245 ## - TITLE STATEMENT
Statement of responsibility, etc. Под ред. Н.А.Иванова, С.Г.Ляуера, Н.Г.Этуса.
250 ## - EDITION STATEMENT
Edition statement 2-е изд. переаб. и доп.
260 ## - PUBLICATION, DISTRIBUTION, ETC.
Place of publication, distribution, etc. М.
260 ## - PUBLICATION, DISTRIBUTION, ETC.
Name of publisher, distributor, etc. Энергия.
260 ## - PUBLICATION, DISTRIBUTION, ETC.
Date of publication, distribution, etc. 1979.
300 ## - PHYSICAL DESCRIPTION
Extent 344 стр. 20 см. с илл.
653 ## - INDEX TERM--UNCONTROLLED
Uncontrolled term Справочник по монтажу распределительных устроиств выше 1000 В на электростанциях и подстанциях.
942 ## - ADDED ENTRY ELEMENTS (KOHA)
Koha item type წიგნი
ეგზემპლარები
Withdrawn status Lost status Damaged status Not for loan Date acquired Barcode Date last seen Price effective from Koha item type
        2018-12-17 9804 2018-12-17 2018-12-17 წიგნი